Quizzes
Events
Quiz Creation
Community
Videos
Private Events
Remove Ads
Sign In
Join for FREE
Feedback
Dark Mode
Quiz Categories
Sports
Geography
Music
Movies
Television
Just For Fun
Miscellaneous
History
Literature
Language
Science
Gaming
Entertainment
Religion
Holiday
For Kids
Quiz Lab
Recent
Popular Today
Quiz Kudos Today
Editor Picks
Curator Picks
Quizzes by...
Day
Popularity
Type
Ratings
Length
Year
Community
Subscriptions
Recent Discussions
Orange Saloon
Badges
Playlists
Quests
Create
Leaderboards
Showdown
Live 5
Trivia Bingo
Activity
Puzzle Library
Sporcle Events
Private Events
Virtual Trivia
Globe League
Become a Host
Pub Owners
SporcleCon
Opinionation
Our Games
Videos
Blog
Mobile Apps
Partnerships
Remove Ads and Go Orange
Feedback
Geography
Country
Landmarks
City
State
Population
World
Capital
Continent
Flags
Europe
Africa
Asia
South America
North America
Oceania
Border
Canada
United Kingdom
Topography
United States
Geography
Country
Landmarks
City
State
Population
World
Capital
Continent
Flags
Europe
Africa
Asia
South America
North America
Oceania
Border
Canada
United Kingdom
Topography
United States
Random Quiz
Search Sporcle
×
Quiz Lab
Quiz Lab
Geography
Northeast United
Type answers that appear on an image
Type answers that appear on an image
Map
Best Score? Go Orange.
Hillsborough County, NH Town Quiz (Map) Stats
Can you name all the towns in Hillsborough County, NH?
By
theazorean
7m
31 Questions
174 Plays
174 Plays
174 Plays
Comments
Comments
Give Quiz Kudos
Give Quiz Kudos
-
- Ratings
hide this ad
Replay
Link that replays current quiz
Next Quiz
Link to next quiz in quiz playlist
You Got
0%
They Got
Avg Score
66%
Avg Friend Score
Upgrade to see
Score Distribution
Jump to the score distribution portion of the page
Score
0/31
Timer
07:00
0
Plays Today
% Correct
Nashua
96.6%
Manchester
93.1%
Bedford
87.4%
Merrimack
86.8%
Hillsborough
79.9%
Hollis
79.3%
Hudson
79.3%
Pelham
77%
Brookline
74.7%
Amherst
74.1%
Milford
73.6%
Goffstown
73%
Litchfield
72.4%
Weare
71.3%
New Boston
70.7%
Mason
69%
% Correct
Peterborough
63.2%
Antrim
61.5%
New Ipswich
60.3%
Mont Vernon
59.8%
Greenville
59.2%
Sharon
56.9%
Windsor
56.9%
Greenfield
55.7%
Wilton
55.7%
Temple
55.2%
Deering
48.9%
Lyndeborough
47.1%
Bennington
46.6%
Hancock
42.5%
Francestown
42%
Quiz Playlist
Details
Report
Send in Message
Add To Playlist
Map:
Type answers that appear on an image
Last Updated: Feb 16, 2017
Quiz Scoreboard
CHALLENGE
Sign Up to Join the Scoreboard
Show All
Scores
Hide
Comments
May contain spoilers
Recently Published
9x9 Crossword: Cartoon Network
by jackfrog10
Miscellaneous
3m
College Basketball Coaching Resumes
by pancakes188
Sports
9m
Billboard Blitz: Fleetwood Mac
by CooCooCachoo
Music
15s
More to Explore
Quiz From the Vault
Featured Blog Post
Where Did the Easter Bunny Come From?
hide this ad
You Might Also Like...
Tags
New England
New Hampshire
Northeast United
Town
US Counties
US County
Today's Top Quizzes in Geography
Browse Geography
hide this ad
Today's Top Quizzes in Northeast United
Browse Northeast United
Top Contributed Quizzes in Geography
1
Countries of the World - No Outlines Minefield
2
Top 25 Cities of France on a map
3
Any capital of a 'B' country per Continent
4
Any capital of a 'C' country per Continent
5
Closest Countries to UK A-Z
6
Any capital of a 'D' country per Continent
7
5-to-1: US Geography No Hints
8
Any capital of an 'E' country per Continent
9
Find the US States - No Outlines
10
Any capital of an 'F' country per Continent
Explore More
Trending Topics
Anime
Harry Potter
Disney
Marvel
NBA
Crossword
Kpop
NFL
Puzzle
Pokémon
WWE
Country
Soccer
The Office
Song
hide this ad
More By:
theazorean
Quiz
Plays
Rating
Category
Featured
Created
Foreign-born population of Perth, Australia
446
5.00
Geography
Jul 6, 2015
Ancestries of Hawaii
442
4.14
Geography
Jul 5, 2015
Non-English Languages of New Mexico
406
4.63
Geography
Sep 11, 2016
Massachusetts Towns/Cities for Hillary
266
5.00
Geography
Nov 22, 2016
Non-English Languages of Melbourne
249
5.00
Geography
Sep 12, 2016
Go to Creator's Profile
Score Distribution
Quiz Creator Spotlight
theazorean
Follow
Send a Message
Quizzes Created
-
Created Quiz Play Count
-
More By This Creator
Popular Quizzes Today
1
Find the US States - No Outlines Minefield
2
Find the Countries of Europe - No Outlines Minefield
3
The Countries of the World
4
Find the US States
5
Risky Map Clicking: Biggest States A-Z
6
US States
7
Popular People in 1961
8
Movies - When Are They Set?
More Geography Quizzes
Letter Minefield: China's Provincial Divisions
Curator's Pick
Trending Quizzes
Risky Map Clicking: Least Populous States A-Z
1-10 Letter G Words
1-10 Letter F Words
Risky Map Clicking: Next State Alphabetically
Adjectives in 80s TV Shows
Recently Updated
Leaping Animals
pecheneg
Reality TV Shows (A-Z)
bhenderson79
Rickey Henderson's Hall of Fame Teammates
pecheneg
Champions League XIs: Arsenal
pecheneg
Quick Pick: Celebrities in WWE's Hall of Fame
aduchscher
A-Z Keypad Blitz II
pecheneg
Multiple Oscar Actors
pecheneg
Mystery Phrase Blitz: Oscar 'Best Actors'
pecheneg
F. Scott Fitzgerald Novels
LTH
Pick 3 Villains
ddd62291
Trending Topics
Kpop
Marvel
NBA
Anime
Crossword
Harry Potter
Disney
NFL
Pokémon
Country
WWE
Puzzle
The Office
Soccer
Song
Your Account Isn't Verified!
In order to create a playlist on Sporcle, you need to verify the email address you used during registration. Go to your
Sporcle Settings
to finish the process.
Report this User
Report this user for behavior that violates our
Community Guidelines
.
Details:
Send Report
Go to the Sporcle.com Mobile Site →
Comments